000 00348nab a22001097u 4500
008 130520b1985 xxu||||| |||| 00| 0 spa d
041 _aspa
100 1 _aLang, Bernhard
_916517
245 0 0 _aSólo Yahvé: origen y configuración del monoteísmo bíblico
_cBernhard Lang
773 0 _tConcilium
_gV.1,1985,págs.57-66
_x0210-1041
_wRev134
942 _cAR
999 _c355149
_d355149